The last of the Mohicans [

The war raging between England and France in the American colonies enters its third years...

Bibliographic Details
Main Author: Mann, Michael
Format: Book
Published: s.l : Warner Bros , 1992

MARC

LEADER 00000cam a2200000 7i4500
001 0000040116
005 20001005.0
090 0 0 |a F   |b LAS 
100 1 |a Mann, Michael 
245 1 0 |a The last of the Mohicans [  |h video recording]   |c Michael Mann 
260 |a s.l :   |b Warner Bros ,   |c 1992 
300 |a 1 Video recording VHS (103 minutes) :   |b col.(PAL) 
500 |a Library has 1 copy 
520 0 |a The war raging between England and France in the American colonies enters its third years... 
999 |a AV 00614   |b VIDEO   |c PINJAMAN   |e PERPUSTAKAAN KOMUNITI PETALING JAYA